DATA ANALYSIS USING HIERARCHICAL GENERAL (Record no. 30283)
[ view plain ]
| 000 -LEADER | |
|---|---|
| fixed length control field | 00339nam a2200133Ia 4500 |
| 008 - FIXED-LENGTH DATA ELEMENTS--GENERAL INFORMATION | |
| fixed length control field | 240624s9999 xx 000 0 und d |
| 041 ## - LANGUAGE CODE | |
| Language code of text/sound track or separate title | eng |
| 082 ## - DEWEY DECIMAL CLASSIFICATION NUMBER | |
| Classification number | 519.5 LEE |
| 100 ## - MAIN ENTRY--PERSONAL NAME | |
| Personal name | LEE YOUNGJO |
| 245 ## - TITLE STATEMENT | |
| Title | DATA ANALYSIS USING HIERARCHICAL GENERAL |
| 260 ## - PUBLICATION, DISTRIBUTION, ETC. | |
| Date of publication, distribution, etc. | 2017 |
| Place of publication, distribution, etc. | London |
| Name of publisher, distributor, etc. | CRC Press |
| 300 ## - PHYSICAL DESCRIPTION | |
| Extent | xii, 321 p.; 23 cm. |
| 365 ## - TRADE PRICE | |
| Currency code | BPS |
| Price amount | 31 |
| Withdrawn status | Lost status | Damaged status | Not for loan | Home library | Current library | Shelving location | Date acquired | Cost, normal purchase price | Full call number | Barcode | Date last seen | Copy number | Price effective from | Koha item type |
|---|---|---|---|---|---|---|---|---|---|---|---|---|---|---|
| IMTN | IMTN | Rack 18-A | 03/08/2018 | 77.00 | 519.5 LEE | 30283 | 06/24/2024 | 94.8 | 06/24/2024 | Books |